000 00504nam a2200181Ia 4500
001 18327
005 20260306171622.0
008 260306s9999||||xx |||||||||||||| ||und||
041 _aESP
082 _a658.403
_bM26
100 _aMarcum, Dave,
_eAUT
245 0 _aBusinessThink :
_bprincipios para tomar decisiones acertadas en los negocios: ¡Ahora y en cualquier situación!
260 _c2003
300 _a304 páginas :
_c23 cm.
650 _aGEN
654 _aCAN
942 _cLIB
_dJUS
_fJUS
_2ddc
_n
999 _c18327
_d18327